Học tập đỉnh cao : Cách thức tạo ra kế hoạch học tập suốt đời nhằm đạt được thành công trong học tập và sự nghiệp.

Nội dung sách gồm các phần sau: Học tập đỉnh cao-kỹ năng năng cần thiết cho hiện tại và tương lai; xây dựng tự tin trong học tập; khám phá hồ sơ học tập của bạn; cải thiện kỹ năng học, đọc và nhớ; thiết kế môi trường học tập tối ưu;...

Полное описание

Сохранить в:
Библиографические подробности
Главный автор: Gross, Ronald
Формат:
Язык:Undetermined
Опубликовано: Hà Nội Lao động 2008
Предметы:
Метки: Добавить метку
Нет меток, Требуется 1-ая метка записи!
Thư viện lưu trữ: Trung tâm Học liệu Trường Đại học Cần Thơ
LEADER 01306nam a2200217Ia 4500
001 CTU_139717
008 210402s9999 xx 000 0 und d
020 |c 79000 
082 |a 370.1523 
082 |b G878 
100 |a Gross, Ronald 
245 0 |a Học tập đỉnh cao : 
245 0 |b Cách thức tạo ra kế hoạch học tập suốt đời nhằm đạt được thành công trong học tập và sự nghiệp. 
245 0 |c Ronald Gross ; Vũ Thạch, Mai Linh dịch ; Hải Yến, Quỳnh Chi hiệu đính 
260 |a Hà Nội 
260 |b Lao động 
260 |c 2008 
520 |a Nội dung sách gồm các phần sau: Học tập đỉnh cao-kỹ năng năng cần thiết cho hiện tại và tương lai; xây dựng tự tin trong học tập; khám phá hồ sơ học tập của bạn; cải thiện kỹ năng học, đọc và nhớ; thiết kế môi trường học tập tối ưu; học tập đỉnh cao trong không gian ảo; thiết lập những dự án học tập riêng của bạn. 
650 |a Learning, Psychology of,Cognitive styles,Learning,Học tập 
904 |i Tuyến 
980 |a Trung tâm Học liệu Trường Đại học Cần Thơ